000
00324nam a2200109Ia 4500
008
221009s9999 xx 000 0 und d
082
_a
891.431
100
_a
प्रियदर्शी
245
0
_a
गीत के नए चरण
260
_b
साहित्य कला केन्द्र
942
_c
BK
999
_c
64626
_d
64626